| 000 | 00581nam a2200229Ia 4500 | ||
|---|---|---|---|
| 003 | OSt | ||
| 005 | 20221005115445.0 | ||
| 006 | a|||||r|||| 00| 0 | ||
| 007 | ta | ||
| 008 | 221004b |||||||| |||| 00| 0 eng d | ||
| 024 | _a56937 | ||
| 037 | _cTextual | ||
| 040 |
_aCRL _cCRL _beng |
||
| 041 |
_2eng _aeng |
||
| 082 | _aV2:1:M4, A3 | ||
| 100 |
_aThornton Edward _9257123 |
||
| 245 | 0 | _aChapters of the modern history of British India | |
| 260 | _c1873 | ||
| 650 | _aHISTORY | ||
| 942 |
_hV2:1:M4, A3 _cTEXL _2cc |
||
| 999 |
_c1034904 _d1034904 |
||